Zero-Year Best Pictures Quiz Stats

Quiz Updated Jul 14, 2017

Challenge
Share
Tweet
Embed
Score 0/9 Timer 03:00
8 Plays Today
% Correct
2010
92.2%
2000
91.7%
1990
87%
1980
73.1%
1970
69.4%
1960
62.6%
1950
56.9%
1940
54.9%
1930
51.1%

You're not logged in!

Compare scores with friends on all Sporcle quizzes.
Sign Up with Email
OR
Log In

You Might Also Like...

Show Comments

Extras

Top Quizzes Today


Score Distribution

Your Account Isn't Verified!

In order to create a playlist on Sporcle, you need to verify the email address you used during registration. Go to your Sporcle Settings to finish the process.